Umpama tebuan bersarang rendah : jangan sampai terjolokkan

Bibliographic Details
Main Author: W. S Uzala
Format: Book
Published: Selangor : Eddiplex , 2005
Series:Siri peribahasa dan pembayangnya
Subjects:

MARC

LEADER 00000cam a2200000 7i4500
001 0000006562
005 20151222.0
008 070817
020 |a 9838806323(set) 
020 |a 9838806420 
090 0 0 |a JF   |b NS MAL (6356) 
100 0 |a W. S Uzala 
245 1 0 |a Umpama tebuan bersarang rendah :   |b jangan sampai terjolokkan   |c W. S Uzala 
260 |a Selangor :   |b Eddiplex ,   |c 2005 
440 0 |a Siri peribahasa dan pembayangnya 
500 |a Children ages 7-9 years old (orange) 
650 0 |a Junior fiction   |x Malay   |x Languages 
650 0 |a Nursery rhymes 
999 |a 0000985568   |b Book   |c Children Collection   |e Perbadanan Perpustakaan Awam Johor 
999 |a 0000985570   |b Book   |c Children Collection   |e Perbadanan Perpustakaan Awam Johor 
999 |a 0001054756   |b Book   |c Children Collection   |e Cawangan Segamat 
999 |a 0001054757   |b Book   |c Children Collection   |e Cawangan Taman Universiti